Environmental biotechnology (Record no. 480230)

000 -LEADER
fixed length control field 00492nam a22001937a 4500
003 - CONTROL NUMBER IDENTIFIER
control field ASAB
005 - DATE AND TIME OF LATEST TRANSACTION
control field 20180827062658.0
008 - FIXED-LENGTH DATA ELEMENTS--GENERAL INFORMATION
fixed length control field 161025t xxu||||| |||| 00| 0 eng d
020 ## - INTERNATIONAL STANDARD BOOK NUMBER
International Standard Book Number 0-19-92286-1-2
040 ## - CATALOGING SOURCE
Transcribing agency ASAB
082 ## - DEWEY DECIMAL CLASSIFICATION NUMBER
Classification number 628.52
100 ## - MAIN ENTRY--PERSONAL NAME
Personal name Alan Scragg
9 (RLIN) 4018
245 ## - TITLE STATEMENT
Title Environmental biotechnology
Statement of responsibility, etc. Alan Scragg
250 ## - EDITION STATEMENT
Edition statement second edition
260 ## - PUBLICATION, DISTRIBUTION, ETC.
Place of publication, distribution, etc. India
Name of publisher, distributor, etc. Replica Press
Date of publication, distribution, etc. 2005
300 ## - PHYSICAL DESCRIPTION
Extent 447 P
630 ## - SUBJECT ADDED ENTRY--UNIFORM TITLE
Uniform title Environmental Biotechnology
9 (RLIN) 4019
942 ## - ADDED ENTRY ELEMENTS (KOHA)
Source of classification or shelving scheme
Koha item type Book
Holdings
Withdrawn status Lost status Source of classification or shelving scheme Damaged status Not for loan Collection code Permanent Location Current Location Date acquired Total Checkouts Full call number Barcode Date last seen Price effective from Koha item type
            Atta-ur-Rahman School of Applied Biosciences (ASAB) Atta-ur-Rahman School of Applied Biosciences (ASAB) 10/25/2016   628.5 SCR ASAB1785 05/23/2018 10/25/2016 Book
© 2023 Central Library, National University of Sciences and Technology. All Rights Reserved.